| 000 | 00429cam a2200133K 4500 | ||
|---|---|---|---|
| 050 | 4 |
_aQD457 _b.F5 |
|
| 100 | 1 |
_aFindlay, Alexander, _d1874-1966. |
|
| 245 | 1 | 0 |
_aPractical physical chemistry _h[electronic resource]. |
| 260 |
_aNew York, _bLongmans, Green, _c1906. |
||
| 300 | _a1 online resource (xii, 282 p.) | ||
| 650 | 0 | _vLaboratory manuals. | |
| 856 | 4 | 0 | _uhttp://catalog.hathitrust.org/api/volumes/oclc/12814326.html |
| 942 | _cGEN | ||
| 999 |
_c2166 _d2166 |
||